000 00643nam a2200205 a 4500
003 PILC
005 20150112093431.0
008 100719s19uu xx 00 eng d
020 _a0340705302
050 _aTX 911.5
_b.C87 1998
082 _aHSF 642.619
_bC830 1998
100 _aCousins, John
_911108
245 _aLearning about food and beverage service /
_cJohn Cousins and Robert Smith
260 _aEuston Road, London :
_bHodder & Stoughton Educational,
_c1998.
300 _a121 pages :
_billustration ;
_c25 cm.
650 _aFood service
_911106
650 _aBeverages
_911266
700 _aSmith, Robert
_98914
942 _2lcc
_cBK
999 _c14395
_d14395